Prirodzení nepriatelia jaseňovca pestrého (Leperisinus fraxini Panz.) a možnosť ich využitia v boji proti nemu

Bibliographic Details
Main Author: Jamnický, Július, 1924- (Author)
Other Authors: Majerník, Ondrej
Format: Book
Language:Slovak
PhysicalDescription:98 strán, 1 nečíslovaná strana obrazovej prílohy fotografie, grafy, ilustrácie, mapa, tabuľky 24 cm
Published: V Bratislave Vydavateľstvo Slovenskej akadémie vied 1957
Series:Biologické práce III/6
Subjects:

MARC

LEADER 00000cam a2200000 a 4500
001 vtls008267537
003 SK-MaSNL
005 20260425225420.0
008 210623s1957 xo odpbgrn 000 0 slo
015 |a SNBA1957 
020 |q (brožované) 
035 |a SVKPOKN079016 
035 |a urn:nbn:sk:snk-am3i5rj 
035 |a 0DE3CA09-B9C9-42C1-9718-7EE0CE6619A3 
035 |a urn:nbn:sk:snk-am00dl2b 
040 |a SNK  |b slo  |c SNK  |e AACR2 
041 0 |a slo 
043 |a e-xo--- 
044 |a xo  |c SK 
080 |a 591.5  |2 2001 
080 |a (437.6)  |2 2011 
080 |a (048.8)  |2 2001 
080 |a 573.4-021.473  |2 2001 
100 1 |a Jamnický, Július,  |d 1924-  |4 aut  |9 104900 
245 1 0 |a Prirodzení nepriatelia jaseňovca pestrého (Leperisinus fraxini Panz.) a možnosť ich využitia v boji proti nemu  |c Július Jamnický. P ríspevok k bionómii belokaza ovocného / Ondrej Majerník 
246 3 1 |a Estestvennye vragi pestrogo jasenego luboeda (Leperisinus fraxini Panz.) i vozmožnosť ich ispoľzovanija v bor'be s etim luboedom 
246 3 1 |a Die natürlich Feinde des bunter Eschenbastkäfers (Leperisinus fraxini Panz.) und die Möglichkeit ihrer Verwertung in der Bekämpfung des Eschenbastkäfers 
260 |a V Bratislave  |b Vydavateľstvo Slovenskej akadémie vied  |c 1957 
300 |a 98 strán, 1 nečíslovaná strana obrazovej prílohy  |b fotografie, grafy, ilustrácie, mapa, tabuľky  |c 24 cm 
366 |e 650 kusov 
490 0 |a Biologické práce  |v III/6 
500 |a Dokument obsahuje 2 diela 
504 |a Obsahuje bibliografiu 
546 |a Nemecké a ruské resumé ; súbežný názov v nemčine a ruštine 
650 0 7 |a jaseňovec  |2 SNKPH  |9 397649 
650 0 7 |a škodcovia  |2 SNKPH  |9 31521 
650 0 7 |a bionómia  |2 SNKPH  |9 84176 
651 7 |a Slovensko  |2 SNKPHgeo  |9 14231 
655 7 |a štúdie  |2 SNKPH  |9 57033 
700 1 2 |a Majerník, Ondrej  |t Príspevok k bionómii belokaza ovocného  |9 397650 
752 |a Slovensko  |d Bratislava 
958 |a NB 
999 |c 647906  |d 649836 
952 |a SNK  |b SNK  |y PREZ  |7 0  |p 17A0781213  |o snkSC 7513/III/6  |i snkKSP 15/58  |0 0  |1 0  |4 0  |d 2019-06-21  |f 1  |l 0  |r 2025-07-04 00:00:00  |w 2026-02-23